000 00518nam a2200181 i 4500
001 96176
003 ES-MaACL
005 20250510063006.0
007 t|
008 050613s1969 sp ||||1| spa d
100 1 _aMadrid, Francisco,
_d1900-1952
_9175097
245 1 4 _aLos conspiradores de Ginebra /
_cFrancisco Madrid.
250 _a[1ª ed.].
260 _aBarcelona :
_bPlaza & Janés,
_c1969.
300 _a264 p., 4 h. ;
_c19 cm.
852 _aES-MaACL
_jC-40201
_bR.71045
999 _c96176
_d96176